| 000 | 00421nam a2200145Ia 4500 | ||
|---|---|---|---|
| 003 | GCL | ||
| 008 | 140319s9999 xx 000 0 eng d | ||
| 040 |
_aGCL / _cGCL |
||
| 082 | 0 | 4 |
_a917.7703 _bO I |
| 245 | 1 | 0 |
_aIAWA : _bA CELEBRATION OF LAND, PEOPLE OF PURPOSE |
| 260 |
_a[S.N] : _bIOWA SESQUICENTENNIAL COMMISION ، _c1995 |
||
| 650 | 0 | 4 | _aIOWA - UNITED STATES |
| 650 | 0 | 4 | _aIOWA - DESCRIPTION AND TRAVEL |
| 942 |
_2ddc _cBK |
||
| 999 |
_c4844 _d4844 |
||